000 00359nam a2200145Ia 4500
008 191201s2012 xx 000 0 und d
082 _a624.151
_bDAP
100 _aDAS, Braja M
245 0 _aPrinciples of Geotechnical Engineering
250 _aRep
260 _aN. Delhi
_bCENGAGE Learning
_c2012
300 _a589
650 _aB.Tech(CE)
942 _2ddc
_cBK
999 _c5387
_d5387